Land vs. Land #18 - Statistiken

Allgemein
  • Dieses Quiz wurde 33 mal gespielt
  • Das Durchschnittsergebnis liegt bei 13 aus 14
Antwortstatistiken
Frage Antwort % Korrekt
...Fläche? Mexiko🇲🇽
100%
...Einwohner? Mexiko🇲🇽
100%
...Bruttoinlandsprodukt? Mexiko🇲🇽
100%
...durchschnittlicher IQ? Mexiko🇲🇽
100%
...Gewinner? Mexiko🇲🇽
100%
...Tourismus? Mexiko🇲🇽
97%
...Gesundheitswesen? Mexiko🇲🇽
97%
...Bruttoinlandsprodukt pro Kopf? Mexiko🇲🇽
93%
...Lebenserwartung? Mexiko🇲🇽
93%
...Exportmengen? Mexiko🇲🇽
90%
...HDI (Human Development Index)? Mexiko🇲🇽
87%
...Happy Planet Index? Mexiko🇲🇽
87%
...Militär? Mexiko🇲🇽
80%
...Frieden? Simbabwe🇿🇼
37%
Keine übereinstimmenden Quizze gefunden
Verteilung der Resultate
Anzahl Personen mit jedem Resultat
Perzentil nach korrekt beantworteten Fragen
Ihre Resultats-Entwicklung
Sie haben dieses Quiz noch nicht gespielt